National capitals declared in the XX and XXI century - Statistics

General Stats
  • This quiz has been taken 51 times
  • The average score is 5 of 7
Answer Stats
Old capital Year of the change Capital % Correct
Rio de Janeiro 1960 Brasilia
98%
Melbourne 1927 Canberra
95%
Lagos 1991 Abuja
83%
Karachi 1966 Islamabad
78%
Belize city 1962 Belmopan
68%
Yangon 2005 Naypyidaw
63%
Koror 2006 Ngerulmud
35%
No matching quizzes found
Score Distribution
Percent of People with Each Score
Percentile by Number Answered
Your Score History
You have not taken this quiz